MARC

LEADER 00000nam0a2200000 4500
001 24002
005 20231030200030.0
010 |a 5785601788 
035 |a (RuTPU)RU\TPU\book\24227 
035 |a BOOK00024300 
090 |a 24002 
100 |a 20011209d2000 m y0rusy50 ca 
101 0 |a rus 
102 |a RU 
105 |a y j 000zy 
200 1 |a Логистика  |e учебник  |f А. М. Гаджинский 
205 |a 3-е изд., перераб. и доп. 
210 |a Москва  |c Маркетинг  |d 2000 
215 |a 375 с. 
451 1 |0 (RuTPU)RU\TPU\book\71779  |y 5-94798-857-7  |t Логистика  |o учебник  |f А. М. Гаджинский  |e 12-е изд., перераб. и доп.  |c М.  |n Дашков и К  |d 2006  |p 432 с.  |a Гаджинский, Адиль Мухтарович 
451 1 |0 (RuTPU)RU\TPU\book\12320  |y 5785600218  |t Логистика  |o учебник  |f А. М. Гаджинский  |e 2-е изд.  |c М.  |n Маркетинг  |d 1999  |p 228 с.  |a Гаджинский, Адиль Мухтарович 
610 1 |a экономика 
610 1 |a логистика 
610 1 |a материально-техническое снабжение 
610 1 |a запасы 
610 1 |a транспортная логистика 
610 1 |a информационная логистика 
610 1 |a складские процессы 
610 1 |a сервис 
610 1 |a торговля 
610 1 |a учебные пособия 
686 |a У9(2)40я73  |v LBC/SL-A  |2 rubbk 
700 1 |a Гаджинский  |b А. М.  |g Адиль Мухтарович 
801 0 |a RU  |b 63413507  |c 20011209  |g PSBO 
801 2 |a RU  |b 63413507  |c 20220216  |g PSBO 
900 |a Коммерческая логистика 
942 |c BK